000 01058naa a22003017a 4500
001 BR8405249
003 BR-BrBNA
005 20240918175457.0
007 ta
008 230509b bl.||||| |||| 00| 0 por d
040 _aBR-BrBNA
_bpor
_cBiblioteca Nacional de Agricultura
041 _a(Pt)
072 _aE70; E71; F03
_b1300
_b3575
_bG514
090 _aE70 BR8405249
100 1 _aRossi, P.
111 1 _a1. Seminario Paulista de Sementes e Mudas
_cSao Paulo, SP (Brazil)
_d10-12 Dec 1984
245 1 _aApoio a comercializacao de sementes horticolas
260 3 _aSao Paulo, SP (Brasil):
_c1984.
500 _aAnais do 1. Seminario Paulista de Sementes e Mudas Sao Paulo, SP (Brasil): 1984. p. 509-514 (BR8405249-AM)E70
650 _aHORTALICA
650 _aSEMENTE
650 _aCONTROLE DE QUALIDADE
650 _aIMPORTACAO
650 _aEXPORTACAO
773 0 _tAnais do 1. Seminario Paulista de Sementes e Mudas
_wE70 BR8405249
_gSao Paulo, SP (Brasil), 1984. p. 509-514
909 _a202404
_bLucia
_c55
_dLucia Elande
942 _cAM
_2AGRIS
999 _c316905
_d316905